书目信息 |
| 题名: |
水资源及其管理的研究与应用
|
|
| 作者: | 吴季松 著 | |
| 分册: | ||
| 出版信息: | 北京 中国水利水电出版社 2000.12 |
|
| 页数: | 200页, [12] 页图版 | |
| 开本: | 21cm | |
| 丛书名: | ||
| 单 册: | ||
| 中图分类: | TV213.4 | |
| 科图分类: | ||
| 主题词: | 水资源--shui zi yuan--可持续发展--研究 | |
| 电子资源: | ||
| ISBN: | 7-5084-0534-X | |
| 000 | 01447nam0 2200253 450 | |
| 001 | 012007550994 | |
| 005 | 20070924152206.34 | |
| 010 | @a7-5084-0534-X@dCNY35.00 | |
| 100 | @a20070816d2000 km y0chiy0120 ea | |
| 101 | 0 | @achi |
| 102 | @aCN@b110000 | |
| 105 | @aaf z 000yy | |
| 200 | 1 | @a水资源及其管理的研究与应用@Ashui zi yuan ji qi guan li de yan jiu yu ying yong@e以水资源的可持续利用保障可持续发展@d= My research on water resources and the management and its application@eguarantee the sustainable development with sustained utilization of water resources@f吴季松著@Fwu ji song zhu@zeng |
| 210 | @a北京@c中国水利水电出版社@d2000.12 | |
| 215 | @a200页, [12] 页图版@c图@d21cm | |
| 314 | @a吴季松(1944~),水利部水资源司司长。全国节约用水办公室常务副主任、河海大学博士生导师。著有《水资源及其管理的研究与应用:以水资源的可持续利用保障可持续发展》。 | |
| 330 | @a本书是作者1996年以来关于水资源研究文章的汇集,内容涉及水资源理论、规划思想、管理体制、水价的研究和国内外的实地调查。 | |
| 510 | 1 | @aMy research on water resources and the management and its application@eguarantee the sustainable development with sustained utilization of water resources@zeng |
| 517 | 1 | @a以水资源的可持续利用保障可持续发展@Ayi shui zi yuan de ke chi xu li yong bao zhang ke chi xu fa zhan |
| 606 | 0 | @a水资源@Ashui zi yuan@x可持续发展@x研究 |
| 690 | @aTV213.4@v4 | |
| 701 | 0 | @a吴季松@Awu ji song@4著 |
| 801 | 0 | @aCN@c20070924 |
| 905 | @dTV213.4@eW806 | |
| 水资源及其管理的研究与应用:以水资源的可持续利用保障可持续发展= My research on water resources and the management and its application:guarantee the sustainable development with sustained utilization of water resources/吴季松著.-北京:中国水利水电出版社,2000.12 |
| 200页, [12] 页图版:图;21cm |
| ISBN 7-5084-0534-X:CNY35.00 |
| 本书是作者1996年以来关于水资源研究文章的汇集,内容涉及水资源理论、规划思想、管理体制、水价的研究和国内外的实地调查。 |
| ● |
| 相关链接 |
|
|
|
正题名:水资源及其管理的研究与应用
索取号:TV213.4/W806
 
预约/预借
| 序号 | 登录号 | 条形码 | 馆藏地/架位号 | 状态 | 备注 |
| 1 | 259099 | 202590990 | 期刊室512/501自科库 47排7列5层/ [索取号:TV213.4/W806] | 在馆 | |
| 2 | 259100 | 202591007 | 自科库501/501自科库 47排7列5层/ [索取号:TV213.4/W806] | 在馆 | |
| 3 | 259101 | 202591016 | 期刊室512/501自科库 47排7列5层/ [索取号:TV213.4/W806] | 在馆 |